[Event "ISR-chT 0809"]
[Site "Israel"]
[Date "2009.05.08"]
[Round "7"]
[White "Porat, Ido"]
[Black "Maryasin, Boris Feliksovich"]
[Result "1/2-1/2"]
[WhiteElo "2363"]
[BlackElo "2340"]
[PlyCount "31"]
[EventDate "2008.12.12"]
[EventType "team-tourn"]
[EventRounds "11"]
[EventCountry "ISR"]
[SourceTitle "EXT 2010"]
[Source "ChessBase"]
[SourceDate "2010.11.25"]
[SourceVersion "1"]
[SourceVersionDate "2010.11.25"]
[SourceQuality "1"]

1. d4 d5 2. Nf3 Nf6 3. g3 g6 4. Bg2 Bg7 5. c4 dxc4 6. Na3 c3 7. bxc3 0-0 8. 0-0 c5 9. Nc4 Nc6 10. Nfe5 Be6 11. Nxc6 bxc6 12. Ne5 Bd5 13. Nxc6 Qd6 14. Ne5 Bxg2 15. Kxg2 Nd5 16. Bb2 1/2-1/2

[Event "EU-ch 10th"]
[Site "Budva"]
[Date "2009.03.16"]
[Round "10"]
[White "Porat, Ido"]
[Black "Iordachescu, Viorel"]
[Result "0-1"]
[WhiteElo "2353"]
[BlackElo "2584"]
[PlyCount "66"]
[EventDate "2009.03.06"]
[EventType "swiss"]
[EventRounds "11"]
[EventCountry "MNE"]
[SourceTitle "CBM 130"]
[Source "ChessBase"]
[SourceDate "2009.05.20"]
[SourceVersion "1"]
[SourceVersionDate "2009.05.20"]
[SourceQuality "1"]

1. d4 Nf6 2. c4 e6 3. g3 c5 4. d5 d6 5. Nc3 exd5 6. cxd5 g6 7. Bg2 Bg7 8. Nf3 Na6 9. Nd2 Nc7 10. Nc4 b5 11. Na5 b4 12. Na4 0-0 13. Nxc5 dxc5 14. d6 Ncd5 15. Bxd5 Nxd5 16. Qxd5 Qxa5 17. Qxa8 b3+ 18. Bd2 Qa6 19. d7 Bxd7 20. Qd5 Be6 21. Qf3 Bxb2 22. 0-0 Bxa1 23. Rxa1 b2 24. Rb1 Qxa2 25. Qd3 c4 26. Qc2 c3 27. Bxc3 Rc8 28. Rxb2 Qc4 29. Rb7 Qxc3 30. Qxc3 Rxc3 31. Rxa7 Rc2 32. e3 Bh3 33. Ra1 Kg7 0-1

[Event "EU-ch 10th"]
[Site "Budva"]
[Date "2009.03.15"]
[Round "9"]
[White "Kunin, Vitaly L"]
[Black "Porat, Ido"]
[Result "0-1"]
[WhiteElo "2546"]
[BlackElo "2353"]
[PlyCount "110"]
[EventDate "2009.03.06"]
[EventType "swiss"]
[EventRounds "11"]
[EventCountry "MNE"]
[SourceTitle "CBM 130"]
[Source "ChessBase"]
[SourceDate "2009.05.20"]
[SourceVersion "1"]
[SourceVersionDate "2009.05.20"]
[SourceQuality "1"]

1. d4 d5 2. c4 Nc6 3. Nc3 Nf6 4. Nf3 Bf5 5. cxd5 Nxd5 6. Qb3 e6 7. e4 Nxc3 8. exf5 Nd5 9. Bd2 Bb4 10. Bxb4 Ndxb4 11. fxe6 fxe6 12. Bc4 Qd6 13. 0-0 0-0-0 14. Ng5 Nxd4 15. Qa4 Qc5 16. Nf7 b5 17. Bxb5 Qxb5 18. Qxa7 Qa6 19. Qxa6+ Nxa6 20. Nxh8 Rxh8 21. Rfd1 Ne2+ 22. Kf1 Nf4 23. Rac1 Nb4 24. Rc4 Nbd5 25. Re4 Rf8 26. g3 Nh3 27. f4 Ng5 28. Re5 h6 29. Kg2 Nf7 30. Rxe6 Nd8 31. Re4 c6 32. Rd3 Kd7 33. b4 Ne6 34. a4 Kd6 35. a5 Nec7 36. g4 g6 37. Kg3 Na6 38. Rd2 Rb8 39. f5 gxf5 40. gxf5 Naxb4 41. Re6+ Kc5 42. Rxh6 Ne3 43. Rf2 Nbd5 44. h3 Ne7 45. Rh5 Rg8+ 46. Kf4 N7xf5 47. a6 Nd5+ 48. Kf3 Nd4+ 49. Ke4 Rg3 50. Rxd5+ cxd5+ 51. Kf4 Rxh3 52. Ra2 Rh8 53. a7 Ra8 54. Ra1 Nc6 55. Rc1+ Kd6 0-1

[Event "EU-ch 10th"]
[Site "Budva"]
[Date "2009.03.14"]
[Round "8"]
[White "Porat, Ido"]
[Black "Maslak, Konstantin"]
[Result "1/2-1/2"]
[WhiteElo "2353"]
[BlackElo "2541"]
[PlyCount "72"]
[EventDate "2009.03.06"]
[EventType "swiss"]
[EventRounds "11"]
[EventCountry "MNE"]
[SourceTitle "CBM 130"]
[Source "ChessBase"]
[SourceDate "2009.05.20"]
[SourceVersion "1"]
[SourceVersionDate "2009.05.20"]
[SourceQuality "1"]

1. d4 Nf6 2. c4 e6 3. Nf3 c5 4. d5 exd5 5. cxd5 d6 6. Nc3 g6 7. g3 Bg7 8. Bg2 0-0 9. 0-0 a6 10. a4 Re8 11. Nd2 Nbd7 12. h3 Rb8 13. Nc4 Nb6 14. Na3 Bd7 15. e4 Qc7 16. Re1 Re7 17. Be3 Rbe8 18. Kh2 Nh5 19. a5 Nc8 20. Nc4 Bb5 21. Qb3 Na7 22. f4 Bxc3 23. Qxc3 Bxc4 24. Qxc4 Nb5 25. b3 Nf6 26. Bc1 Nd7 27. Bb2 b6 28. axb6 Qxb6 29. b4 cxb4 30. Qxb4 Nc5 31. Bd4 Rb8 32. Reb1 Reb7 33. Qd2 Nb3 34. Rxb3 Qxd4 35. Qxd4 Nxd4 36. Rd3 Nc2 1/2-1/2

[Event "EU-ch 10th"]
[Site "Budva"]
[Date "2009.03.10"]
[Round "5"]
[White "Porat, Ido"]
[Black "Schartz, Alain"]
[Result "1-0"]
[WhiteElo "2353"]
[BlackElo "2202"]
[PlyCount "35"]
[EventDate "2009.03.06"]
[EventType "swiss"]
[EventRounds "11"]
[EventCountry "MNE"]
[SourceTitle "CBM 130"]
[Source "ChessBase"]
[SourceDate "2009.05.20"]
[SourceVersion "1"]
[SourceVersionDate "2009.05.20"]
[SourceQuality "1"]

1. c4 e6 2. Nf3 d5 3. g3 Nf6 4. Bg2 dxc4 5. Qa4+ Bd7 6. Qxc4 Bc6 7. 0-0 Nbd7 8. b4 Nb6 9. Qb3 Bd5 10. Qb2 Nc4 11. Qc2 Bd6 12. e4 Nxe4 13. d3 Qf6 14. dxc4 Qxa1 15. cxd5 exd5 16. Qb3 Qf6 17. Qxd5 Qe6 18. Qxb7 1-0

[Event "EU-ch 10th"]
[Site "Budva"]
[Date "2009.03.09"]
[Round "4"]
[White "Timman, Jan H"]
[Black "Porat, Ido"]
[Result "1-0"]
[WhiteElo "2581"]
[BlackElo "2353"]
[PlyCount "78"]
[EventDate "2009.03.06"]
[EventType "swiss"]
[EventRounds "11"]
[EventCountry "MNE"]
[SourceTitle "CBM 130"]
[Source "ChessBase"]
[SourceDate "2009.05.20"]
[SourceVersion "1"]
[SourceVersionDate "2009.05.20"]
[SourceQuality "1"]

1. c4 e5 2. Nc3 Nf6 3. Nf3 Nc6 4. e3 Bb4 5. Qc2 Bxc3 6. Qxc3 Qe7 7. a3 d5 8. d4 Nxd4 9. Nxd4 exd4 10. Qxd4 c5 11. Qh4 Be6 12. cxd5 Nxd5 13. Qxe7+ Nxe7 14. Bb5+ Nc6 15. Bd2 a6 16. Be2 c4 17. Bc3 f6 18. 0-0-0 Ke7 19. Bf3 Rad8 20. Bb4+ Nxb4 21. axb4 Rc8 22. Kc2 Rc7 23. Kc3 Rd8 24. Rxd8 Kxd8 25. Rd1+ Ke7 26. Bd5 Bxd5 27. Rxd5 Ke6 28. e4 b5 29. f4 g6 30. g4 h5 31. g5 fxg5 32. Rxg5 Kf6 33. Rc5 Rd7 34. Rd5 Rf7 35. Kd4 Ke6 36. Re5+ Kd7 37. Ke3 Rf6 38. h4 Kd8 39. f5 gxf5 1-0

[Event "EU-ch 10th"]
[Site "Budva"]
[Date "2009.03.08"]
[Round "3"]
[White "Porat, Ido"]
[Black "Svetushkin, Dmitry"]
[Result "1/2-1/2"]
[WhiteElo "2353"]
[BlackElo "2593"]
[PlyCount "38"]
[EventDate "2009.03.06"]
[EventType "swiss"]
[EventRounds "11"]
[EventCountry "MNE"]
[SourceTitle "CBM 130"]
[Source "ChessBase"]
[SourceDate "2009.05.20"]
[SourceVersion "1"]
[SourceVersionDate "2009.05.20"]
[SourceQuality "1"]

1. d4 d5 2. c4 c6 3. Nf3 Nf6 4. Nc3 dxc4 5. a4 Bf5 6. e3 e6 7. Bxc4 Bb4 8. 0-0 0-0 9. Qe2 Bg4 10. h3 Bh5 11. Rd1 Nbd7 12. e4 Qe7 13. Bf4 h6 14. Na2 Ba5 15. Rab1 Bxf3 16. Qxf3 e5 17. Be3 exd4 18. Qf5 Bd8 19. Rxd4 Bb6 1/2-1/2

[Event "EU-ch 10th"]
[Site "Budva"]
[Date "2009.03.07"]
[Round "2"]
[White "Khairullin, Ildar"]
[Black "Porat, Ido"]
[Result "1-0"]
[WhiteElo "2574"]
[BlackElo "2353"]
[PlyCount "49"]
[EventDate "2009.03.06"]
[EventType "swiss"]
[EventRounds "11"]
[EventCountry "MNE"]
[SourceTitle "CBM 130"]
[Source "ChessBase"]
[SourceDate "2009.05.20"]
[SourceVersion "1"]
[SourceVersionDate "2009.05.20"]
[SourceQuality "1"]

1. e4 c5 2. Nf3 d6 3. d4 cxd4 4. Qxd4 a6 5. Bc4 Nc6 6. Qd3 g6 7. Nc3 Bg7 8. Bg5 Nf6 9. Bb3 0-0 10. 0-0-0 Bg4 11. h3 Bxf3 12. Qxf3 Qa5 13. h4 Rac8 14. Bxf6 Bxf6 15. Nd5 Bg7 16. h5 e6 17. hxg6 exd5 18. Rxd5 Qc7 19. Rxh7 Nd4 20. Rxd4 Bxd4 21. Qh5 Bxb2+ 22. Kb1 d5 23. Rh8+ Kg7 24. Qh6+ Kf6 25. g7+ 1-0

[Event "ISR-ch 34th"]
[Site "Haifa"]
[Date "2008.12.08"]
[Round "6"]
[White "Porat, Ido"]
[Black "Gesser, Bella"]
[Result "1-0"]
[WhiteElo "2363"]
[BlackElo "2254"]
[PlyCount "137"]
[EventDate "2008.12.01"]
[EventType "swiss"]
[EventRounds "9"]
[EventCountry "ISR"]
[SourceTitle "CBM 127 Extra"]
[Source "ChessBase"]
[SourceDate "2009.01.08"]
[SourceVersion "2"]
[SourceVersionDate "2009.01.28"]
[SourceQuality "1"]

1. d4 Nf6 2. c4 g6 3. Nc3 Bg7 4. e4 0-0 5. Nf3 d6 6. Be2 e5 7. 0-0 Nc6 8. d5 Ne7 9. b4 Nh5 10. Re1 f5 11. Ng5 Nf6 12. Bf3 c6 13. Be3 Kh8 14. b5 h6 15. Ne6 Bxe6 16. dxe6 fxe4 17. Nxe4 Nxe4 18. Bxe4 d5 19. cxd5 cxd5 20. Bc2 Qc8 21. Bb3 Qxe6 22. Qd2 Kh7 23. Rad1 Rfd8 24. Bc5 Rd7 25. Qb4 Nf5 26. f4 Re8 27. Qd2 b6 28. Bf2 Qd6 29. Qxd5 Qxd5 30. Rxd5 Rxd5 31. Bxd5 Rd8 32. Be4 exf4 33. Bxf5 gxf5 34. Kf1 Rd7 35. Ke2 Kg6 36. Rd1 Rxd1 37. Kxd1 Be5 38. Ke2 Kf6 39. Kf3 Ke6 40. Be1 Kd5 41. Bd2 Ke6 42. Bc1 Bd6 43. Bd2 Be5 44. Bxf4 Bxf4 45. Kxf4 Kf6 46. h3 Kg6 47. a3 Kf6 48. a4 Kg6 49. g4 fxg4 50. Kxg4 Kf6 51. Kf4 Kg6 52. Ke5 Kg5 53. Kd6 Kh4 54. Kc7 Kxh3 55. Kb7 h5 56. Kxa7 h4 57. a5 bxa5 58. b6 Kg2 59. b7 h3 60. b8Q h2 61. Qb2+ Kg1 62. Qc1+ Kg2 63. Qd2+ Kg1 64. Qd1+ Kg2 65. Qg4+ Kf2 66. Qh3 Kg1 67. Qg3+ Kh1 68. Qf2 a4 69. Qf1# 1-0

[Event "Herzliya op"]
[Site "Herzliya"]
[Date "2008.09.07"]
[Round "5"]
[White "Porat, Ido"]
[Black "Axelrod, Arie"]
[Result "0-1"]
[WhiteElo "2379"]
[BlackElo "2274"]
[PlyCount "140"]
[EventDate "2008.09.02"]
[EventType "swiss"]
[EventRounds "9"]
[EventCountry "ISR"]
[SourceTitle "CBM 126 Extra"]
[Source "ChessBase"]
[SourceDate "2008.11.05"]
[SourceVersion "1"]
[SourceVersionDate "2008.11.05"]
[SourceQuality "1"]

1. d4 Nf6 2. c4 c5 3. d5 e5 4. Nc3 d6 5. e4 Be7 6. Nf3 0-0 7. Bd3 Nbd7 8. 0-0 Nh5 9. g3 g6 10. Ne1 Ng7 11. Ng2 f5 12. f3 Nf6 13. a3 fxe4 14. fxe4 Bh3 15. Be2 Qd7 16. Bd2 h5 17. Bg5 Nh7 18. Bxe7 Qxe7 19. Qd2 Ng5 20. Qe3 Kh7 21. Rxf8 Rxf8 22. Rf1 Rxf1+ 23. Bxf1 Qf6 24. Qf2 Nf3+ 25. Kh1 Ne8 26. Ne3 Bxf1 27. Nxf1 a6 28. Kg2 Nd4 29. Nd2 Kg7 30. h3 Qg5 31. Nf3 Qc1 32. Qd2 Qa1 33. Ng5 Nf6 34. Ne6+ Kf7 35. Nd8+ Ke7 36. Qf2 Qc1 37. Nxb7 Nc2 38. Nxd6 Ne3+ 39. Kf3 Nfg4 40. hxg4 Nxg4 41. Nc8+ Kd8 42. Ne2 Qxc4 43. Qe1 Qd3+ 44. Kg2 Qxe4+ 45. Kh3 Kxc8 46. Qf1 Qxd5 47. Nc3 Qc6 48. Qf8+ Kb7 49. Qf7+ Kb6 50. Nd5+ Ka5 51. Qf3 Ne3 52. b4+ cxb4 53. axb4+ Ka4 54. Qxe3 Qxd5 55. Qe1 Qd4 56. Qb1 Qg4+ 57. Kh2 Qe2+ 58. Kh3 e4 59. Qa1+ Kb3 60. Qe5 Qf1+ 61. Kh2 Qf2+ 62. Kh1 Qe1+ 63. Kh2 Qd2+ 64. Kh3 e3 65. Qe6+ Kb2 66. Qe5+ Qc3 67. Qe6 Qd3 68. Qf6+ Kc2 69. Qc6+ Kd2 70. Qf6 Qf5+ 0-1

[Event "Herzliya op"]
[Site "Herzliya"]
[Date "2008.09.05"]
[Round "4"]
[White "Amit, Yaron"]
[Black "Porat, Ido"]
[Result "0-1"]
[WhiteElo "2198"]
[BlackElo "2379"]
[PlyCount "64"]
[EventDate "2008.09.02"]
[EventType "swiss"]
[EventRounds "9"]
[EventCountry "ISR"]
[SourceTitle "CBM 126 Extra"]
[Source "ChessBase"]
[SourceDate "2008.11.05"]
[SourceVersion "1"]
[SourceVersionDate "2008.11.05"]
[SourceQuality "1"]

1. e4 c5 2. Nf3 d6 3. d4 cxd4 4. Nxd4 Nf6 5. Nc3 g6 6. Be3 Bg7 7. f3 0-0 8. Qd2 Nc6 9. Bc4 Bd7 10. 0-0-0 Qa5 11. Kb1 Rfc8 12. Bb3 Ne5 13. h4 Nc4 14. Bxc4 Rxc4 15. g4 Rac8 16. h5 Rxc3 17. bxc3 Bxg4 18. hxg6 hxg6 19. Bh6 Be6 20. Nxe6 Nxe4 21. fxe4 Qb5+ 22. Ka1 Bxc3+ 23. Qxc3 Rxc3 24. Bg7 f6 25. Nd4 Qe5 26. Bh6 g5 27. Kb2 Re3 28. c3 Rxe4 29. Rd2 b5 30. a3 a5 31. Nc6 Qc5 32. Nxa5 Ra4 0-1